000 00629nam a22001937a 4500
999 _c16869
_d16869
003 AR-CdUCM
008 190506b ||||| |||| 00| 0 spa d
040 _aMUNICIPALIDAD PROVINCIAL DEL CUSCO
_cBIBLIOTECA MUNICIPAL DEL CUSCO
082 _212ed.
_a433.6 /
_bM26
110 _aDiccionarios cuyas
_936583
245 _aDiccionario manual Alemán - español /
260 _aBarcelona :
_bHymsa,
_c1967.
300 _a467 páginas ;
_c16 cm.
505 _aContenido : Diccionario manual Aleman - español.
650 _aDiccionario
_95196
700 _aAmador, Martínez
_936584
942 _2ddc
_cLIBROS
945 _arah
_d06/05/2019